Welcome to CU Library Online Public Access Catalogue (OPAC)

Ophthalmic Nursing/ (Record no. 4108)

MARC details
000 -LEADER
fixed length control field 00450nam a22001457a 4500
005 - DATE AND TIME OF LATEST TRANSACTION
control field 20250221223059.0
008 - FIXED-LENGTH DATA ELEMENTS--GENERAL INFORMATION
fixed length control field 250221b |||||||| |||| 00| 0 eng d
020 ## - INTERNATIONAL STANDARD BOOK NUMBER
International Standard Book Number 9788123907109
050 ## - LIBRARY OF CONGRESS CALL NUMBER
Classification number RE88 KHU
100 ## - MAIN ENTRY--PERSONAL NAME
Personal name Khurana, A. K.
245 ## - TITLE STATEMENT
Title Ophthalmic Nursing/
Statement of responsibility, etc. A. K. Khurana, foreword by Shashi Sood
260 ## - PUBLICATION, DISTRIBUTION, ETC.
Place of publication, distribution, etc. Darya Ganj, New Delhi
Name of publisher, distributor, etc. CBS Publishers & Distributors
Date of publication, distribution, etc. 2006
300 ## - PHYSICAL DESCRIPTION
Extent ix. 210p.
Other physical details ill. some color
Dimensions 21.5cm
942 ## - ADDED ENTRY ELEMENTS (KOHA)
Source of classification or shelving scheme Library of Congress Classification
Koha item type Books
Suppress in OPAC No
999 ## -
-- 4108
-- 4108
Holdings
Withdrawn status Lost status Source of classification or shelving scheme Damaged status Not for loan Collection Home library Current library Shelving location Date acquired Total checkouts Full call number Barcode Date last seen Copy number Price effective from Koha item type
    Library of Congress Classification     Non-fiction Science Library (Miotso) Science Library (Miotso) General stacks 02/21/2025   RE88 KHU SLM00003597 02/21/2025 1 02/21/2025 Books
    Library of Congress Classification     Non-fiction Science Library (Miotso) Science Library (Miotso) General stacks 02/21/2025   RE88 KHU SLM00003598 02/21/2025 2 02/21/2025 Books
© 2023-2024 Copyright: Central University Libraries. All Rights Reserved | Created by: Mahone Tech Office